01195 a2200217 4500003000500000005001700005010001700022020002300039040000900062082001400071100002100085245012300106260003800229300003400267505035600301650002000657700002000677856010600697856009100803856008300894Nust20220802132444.0 a 2004053459 a0471699764 (cloth) cNust00a620.5,THE1 aTheodore, Louis.10aNanotechnology :benvironmental implications and solutions /cLouis Theodore, Robert G. Kunz ; foreword Rita D'Aquino. aHoboken, NJ :bJohn Wiley,c2005. axvi, 378 p. :bill. ;c24 cm. aNanotechnology/Environmental Overview (Page-1), Nanotechnology: Turning Basic Science into Reality (Page-61), AIR Issues (Page-109), Water Issues (Page-157), Solid Waste Issues (Page-201), Multimedia Analysis (Page-261), Health Risk Assessment (Page-273), Hazard Risk Assessment (Page-307), Ethical Considerations (Page-337), Future Trends (Page-349). 0aNanotechnology.1 aKunz, Robert G.413Contributor biographical informationuhttp://www.loc.gov/catdir/enhancements/fy0618/2004053459-b.html413Publisher descriptionuhttp://www.loc.gov/catdir/enhancements/fy0618/2004053459-d.html413Table of contents onlyuhttp://www.loc.gov/catdir/toc/wiley051/2004053459.html